000
00301nam a22001337a 4500
008
180308b xxu||||| |||| 00| 0 eng d
020
_a
002362230-X
041
_a
eng
080
_a
721
100
_a
41
101
_a
NDE
245
_a
Housing an environment for living
_c
Keiser,M.B
942
_2
udc
_c
BK
999
_c
44512
_d
44512